LINQ to SQL Tutorial

Gorde:
Xehetasun bibliografikoak
Egile nagusia: Đào, Hải Nam
Formatua: Liburua
Argitaratua: 2009
Gaiak:
SQL
Etiketak: Etiketa erantsi
Etiketarik gabe, Izan zaitez lehena erregistro honi etiketa jartzen!
Thư viện lưu trữ: Trung tâm Học liệu Lê Vũ Hùng, Trường Đại học Đồng Tháp
LEADER 00579pam a22002178a 4500
001 00039364
005 20171026081025.0
008 170518s2009 ||||||Viesd
041 0 # |a Vie 
082 1 4 |a 005  |b L300N 
100 1 # |a Đào, Hải Nam 
245 1 0 |a LINQ to SQL Tutorial  |c Đào Hải Nam 
260 |c 2009 
300 # # |a 103tr.  |c 29 cm 
653 # # |a LINQ 
653 # # |a SQL 
653 # # |a Tutorial 
852 # # |b Kho đọc  |j KD.0020819 
852 # # |j KD.0020819 
910 |d 18/05/2017 
980 # # |a Trung tâm Học liệu Lê Vũ Hùng, Trường Đại học Đồng Tháp